Emerging foodborne pathogens

Αποθηκεύτηκε σε:
Λεπτομέρειες βιβλιογραφικής εγγραφής
Άλλοι συγγραφείς: Adams, Martin Dr (Επιμελητής έκδοσης), Motarjemi, Yasmine (Επιμελητής έκδοσης)
Μορφή: Βιβλίο
Γλώσσα:English
Δημοσίευση: Cambridge : Boca Raton, Fla. : Woodhead Publishing, CRC Press, 2006
Σειρά:Woodhead Publishing in food science, technology and nutrition
Θέματα:
Ετικέτες: Προσθήκη ετικέτας
Δεν υπάρχουν, Καταχωρήστε ετικέτα πρώτοι!

MARC

LEADER 00000nam a2200000 i 4500
001 1/99289
008 081212s2006 eng d
020 |a 978-1-85573-963-5 (Woodhead Publishing ) 
020 |a 1-85573-963-1 (Woodhead Publishing) 
020 |a 0-8493-3429-2 (CRC Press) 
035 |l 10102406 
040 |a GR-MY-UA  |b gre  |e aacr 
041 0 |a eng 
082 0 |a 616.9041  |2 (22) 
245 1 0 |a Emerging foodborne pathogens /  |c edited by Yasmine Motarjemi and Martin Adams 
260 |a Cambridge :   |a Boca Raton, Fla. :   |b Woodhead Publishing,   |b CRC Press,   |c 2006 
300 |a xxii, 634 σ.;  |b εικ.;  |c 24 εκ. 
490 1 |a Woodhead Publishing in food science, technology and nutrition 
504 |a Περιέχει βιβλιογραφικές παραπομπές και ευρετήριο 
650 0 0 |a Food  |x Microbiology. 
650 0 0 |a Food contamination. 
650 0 0 |a Pathogenic microorganisms. 
650 0 0 |a Foodborne diseases  |x Pathogenesis. 
650 0 0 |a Medical microbiology. 
700 1 |a Adams, Martin  |c Dr.  |4 edt 
700 1 |a Motarjemi, Yasmine.  |4 edt 
830 0 |a Woodhead Publishing in food science, technology and nutrition 
852 |a INST  |b LESVOS  |e 20081212  |h 616.9041 EME  |p 005100043659  |q 005100043659  |t BK  |y 0 
901 |a BIBL1-2008-3 
909 |a Λ  |b 157509 
920 |a ΕΠΕΑΕΚ ΠΜΣ ΔΙΑΧΕΙΡΙΣΗ ΠΑΡΑΚΤΙΩΝ ΠΕΡΙΟΧΩΝ  |y ΛΕΣΒΟΣ  |z 2008-12 
970 |a ΚΑΡΑ  |b ΓΙΑΣΕΜΗ  |z 2008/12/12